EPIC: The Musical - Lyrics Sort #11 - Luck Runs Out - Statistics

General Stats
  • This quiz has been taken 71 times
  • The average score is 37 of 48
Answer Stats
Hint Answer % Correct
Line 1 Please don't tell me you're about to do what I think you'll do
100%
Line 3 This proves they're true
97%
Line 2 You've heard the legends of the island in the sky
97%
Line 9 I'm gonna climb to the top and ask 'em for a hand
87%
Line 4 We're in the home of the wind god
87%
Line 8 And what's your plan?
84%
Line 12 Don't forget how dangerous the gods are
84%
Line 13 Have faith, friend, we've come this far
84%
Line 6 How many floating islands have you seen before
84%
Line 11 Or piss off this god and infuse us with strife
84%
Line 7 This is the home of the wind god
84%
Line 5 We don't know for sure
84%
Line 10 You could be caught off guard and lose your life
84%
Line 15 How much longer 'til the show goes south? [1]
82%
Line 14 Yes, but how much longer 'til your luck runs out?
82%
Line 16 How much longer 'til we all fall down? [1]
79%
Line 17 You rely on wit, and people die on it, whoa [1]
79%
Line 25 And suddenly, you doubt that I could figure this out?
74%
Line 37 But don't forget how much we've already faced
74%
Line 26 Captain, how much longer 'til your luck runs out?
74%
Line 27 How much longer 'til the show goes south? [2]
74%
Line 28 How much longer 'til we all fall down? [2]
74%
Line 40 If you'd like to speak more, let me pull you aside then
74%
Line 23 I just don't wanna see another life end
74%
Line 39 In case you needed a reminder
74%
Line 41 I need to talk to you in private
74%
Line 38 I took 600 men to war and not one of them died there
74%
Line 36 I understand that we're tired, I understand that we're fazed
74%
Line 35 Our journey is almost done
74%
Line 34 Thank you for the concern, but brother, I can assure you
74%
Line 24 You're like a brother I could never do without
74%
Line 21 And what will we do when it tears us apart?
71%
Line 44 I need you to always be devout and comply with this
71%
Line 20 Lead from the heart, and see what starts
71%
Line 46 Okay? [1]
71%
Line 47 Okay [2]
71%
Line 45 Or we'l all die in this
71%
Line 48 Thank you
71%
Line 22 Where is this coming from, my friend?
71%
Line 29 You rely on wit, and people die on it, whoa [2]
71%
Line 33 You rely on with, and people die on it, whoa [3]
71%
Line 30 How much longer 'til the snake breaks free?
68%
Line 31 How much longer 'til your great days cease?
68%
Line 32 How much longer 'til your strength takes leave?
68%
Line 43 I can't have you disagreeing each route
68%
Line 42 I can't have you planting seeds of doubt
68%
Line 18 I still believe in goodness
68%
Line 19 I still believe that we could be kind
68%
No matching quizzes found
Score Distribution
Percent of People with Each Score
Percentile by Number Answered
Your Score History
You have not taken this quiz